[Event "Niedersachsen-ch U16"]
[Site "Rotenburg"]
[Date "2009.04.07"]
[Round "6"]
[White "Scheetz, Bjoern"]
[Black "Evers, Annika"]
[Result "1-0"]
[WhiteElo "1409"]
[BlackElo "1532"]
[PlyCount "77"]
[EventDate "2009.04.04"]
[EventType "swiss"]
[EventRounds "9"]
[EventCountry "GER"]
[SourceTitle "EXT 2010"]
[Source "ChessBase"]
[SourceDate "2010.11.25"]
[SourceVersion "1"]
[SourceVersionDate "2010.11.25"]
[SourceQuality "1"]

1. e4 c5 2. Nf3 e6 3. d4 cxd4 4. Nxd4 Nf6 5. Nc3 Nc6 6. Ndb5 Bb4 7. a3 Bxc3+ 8. Nxc3 d5 9. Bd3 dxe4 10. Nxe4 Nxe4 11. Bxe4 Qxd1+ 12. Kxd1 Ne5 13. b3 f5 14. Bf3 Nxf3 15. gxf3 Kf7 16. Bb2 h6 17. f4 Rd8+ 18. Ke2 g5 19. Rhg1 g4 20. f3 h5 21. h3 gxf3+ 22. Kxf3 Bd7 23. Rg7+ Kf8 24. Ke3 b6 25. Rag1 Be8 26. Rh7 Rd7 27. Bg7+ Kg8 28. Rh8+ Kf7 29. Be5 Ke7 30. Rg7+ Kd8 31. Bf6+ Kc7 32. Rgg8 Rf7 33. Be5+ Kd7 34. Rxh5 Rc8 35. c3 Re7 36. Rhh8 a6 37. h4 b5 38. h5 Rd8 39. Bf6 1-0

[Event "Niedersachsen-ch U16"]
[Site "Rotenburg"]
[Date "2009.04.05"]
[Round "2"]
[White "Chmelev, Alex"]
[Black "Scheetz, Bjoern"]
[Result "1/2-1/2"]
[WhiteElo "1840"]
[BlackElo "1409"]
[PlyCount "89"]
[EventDate "2009.04.04"]
[EventType "swiss"]
[EventRounds "9"]
[EventCountry "GER"]
[SourceTitle "EXT 2010"]
[Source "ChessBase"]
[SourceDate "2010.11.25"]
[SourceVersion "1"]
[SourceVersionDate "2010.11.25"]
[SourceQuality "1"]

1. e4 e6 2. d4 d5 3. e5 c5 4. c3 Qb6 5. Nf3 Nc6 6. Be2 Nh6 7. Qb3 Qxb3 8. axb3 Nf5 9. Be3 cxd4 10. cxd4 Bb4+ 11. Nbd2 Bxd2+ 12. Kxd2 Bd7 13. Bd3 Nxe3 14. fxe3 Nb4 15. Rac1 Nxd3 16. Kxd3 0-0 17. Rc3 Rac8 18. Rhc1 Bb5+ 19. Kd2 Rc6 20. Rc5 Rfc8 21. R5c3 h6 22. Ng1 Kf8 23. Nh3 b6 24. Nf2 Rxc3 25. bxc3 Bc6 26. g3 b5 27. Nd3 Bd7 28. Nc5 Ke7 29. Kd3 a5 30. Rf1 Be8 31. e4 a4 32. exd5 exd5 33. b4 Bc6 34. h4 Rg8 35. g4 Rf8 36. Kc2 Bd7 37. Rg1 Bc8 38. Nd3 g5 39. h5 f5 40. exf6+ Rxf6 41. Ne5 Kd6 42. Rg2 Rf4 43. Kb2 Be6 44. Rg3 Bc8 45. Rg2 1/2-1/2